000 00197 a2200097 4500
020 _a9788423323357
041 _aspa
100 _aButterworth, Nick
245 _aUn dia libre ajetreado
942 _cBK
999 _c31924
_d31922